| 000 | 01043cam a2200253 4500 | ||
|---|---|---|---|
| 001 | ABS66046 | ||
| 008 | 021030n2002 000 0 eng u | ||
| 035 | _a(Sirsi) u120321 | ||
| 245 | _aCareer boosts | ||
| 260 | _c2002 | ||
| 490 |
_aEstates Gazette _v(0240) 5 October 2002, 160-162(3) |
||
| 520 | _aA "mainly for students" article and the first in a series of ongoing updates on RICS education and training initiatives. Discusses the Certificate in Management Studies (CMS) proposals, highlighting the subjects covered in the post-graduate qualification, when CMS should be taken, the cost, and study methods. Also looks at changes to APC requirements and competencies, and how property support staff can develop through NVQs. | ||
| 590 | _aABS | ||
| 650 | _aCERTIFICATE IN MANAGEMENT STUDIES | ||
| 650 | _aCMS | ||
| 650 |
_aAPC _96216 |
||
| 650 |
_aAPC _96216 |
||
| 650 | _aQUALIFICATIONS | ||
| 650 | _aNVQS | ||
| 650 | _aCAREERS, EDUCATION AND TRAINING | ||
| 650 | _aRICS | ||
| 690 | _aEDUCATION-CAREERS | ||
| 942 | _n0 | ||
| 999 |
_c71484 _d71484 |
||